| 000 | 00000nam 2200000za 4500 |
| 001 | 9.834522 |
| 003 | CaOODSP |
| 005 | 20221107150444 |
| 007 | cr ||||||||||| |
| 008 | 170330s2005 nucb |o f|0| 0 eng d |
| 040 | |aCaOODSP|beng |
| 043 | |an-cn-nu |
| 086 | 1 |aR64-483/2005E-PDF |
| 245 | 00|aQuttinirpaaq National Park of Canada |h[electronic resource] : |bpronounced "Khoot-tee-neelk-paahk". |
| 260 | |aPangnirtung, Nunavut : |bParks Canada |
| 300 | |a[2] p. : |bmap. |
| 500 | |aIssued also in French under title: Parc national du Canada Quttinirpaaq : prononcé « Koute-ti-nilk-pâk ». |
| 500 | |aCaption title. |
| 500 | |a"Spring 2005". |
| 692 | 07|2gccst|aNational parks |
| 710 | 2 |aParks Canada. |
| 775 | 08|tParc national du Canada Quttinirpaaq |w(CaOODSP)9.834523 |
| 856 | 40|qPDF|s953 KB|uhttps://publications.gc.ca/collections/collection_2017/pc/R64-483-2005-eng.pdf |